| 000 | 00577nam a2200181 i 4500 | ||
|---|---|---|---|
| 001 | 29644 | ||
| 003 | ES-MaACL | ||
| 005 | 20230906154052.0 | ||
| 007 | t| | ||
| 008 | 030122s1972 sp ||||1| spa d | ||
| 100 | 1 |
_aBarnett, S. A. _925732 |
|
| 245 | 1 | 3 |
_aLa conducta de los animales y del hombre / _cS. A. Barnett ; versión Esperanza Onzaita y Benjamín González. |
| 260 |
_a[Madrid] : _bAlianza, _c[1972] |
||
| 300 |
_a289 p. : _bil. ; _c20 cm. |
||
| 700 | 1 |
_aOnzaita, Esperanza. _987105 |
|
| 700 | 1 |
_aGonzález, Benjamín. _958294 |
|
| 852 |
_aES-MaACL _jC-54263 _bR.83693 |
||
| 999 |
_c29644 _d29644 |
||